Microeconomics (Record no. 79)
[ view plain ]
| 000 -LEADER | |
|---|---|
| fixed length control field | 00454 a2200181 4500 |
| 001 - CONTROL NUMBER | |
| control field | 002382 |
| 003 - CONTROL NUMBER IDENTIFIER | |
| control field | OSt |
| 005 - DATE AND TIME OF LATEST TRANSACTION | |
| control field | 20220125111844.0 |
| 008 - FIXED-LENGTH DATA ELEMENTS--GENERAL INFORMATION | |
| fixed length control field | |
| 082 ## - DEWEY DECIMAL CLASSIFICATION NUMBER | |
| Classification number | 338.5 |
| Item number | G78M |
| 100 1# - MAIN ENTRY--PERSONAL NAME | |
| Personal name | Gravelle, H. |
| 245 1# - TITLE STATEMENT | |
| Title | Microeconomics |
| Statement of responsibility, etc | by H. Gravelle and Ray Rees |
| 260 ## - PUBLICATION, DISTRIBUTION, ETC. (IMPRINT) | |
| Place of publication, distribution, etc | New Delhi |
| Name of publisher, distributor, etc | Pearson |
| Date of publication, distribution, etc | 2004 |
| 300 ## - PHYSICAL DESCRIPTION | |
| Extent | 748p. |
| 653 ## - INDEX TERM--UNCONTROLLED | |
| Uncontrolled term | Microeconomics; Macroeconomics; Economics |
| 700 ## - ADDED ENTRY--PERSONAL NAME | |
| Personal name | Rees, Ray |
| 942 ## - ADDED ENTRY ELEMENTS (KOHA) | |
| Source of classification or shelving scheme | Dewey Decimal Classification |
| Koha item type | Books |
| Withdrawn status | Lost status | Damaged status | Not for loan | Collection code | Home library | Current library | Date acquired | Source of acquisition | Cost, normal purchase price | Total Checkouts | Full call number | Barcode | Date last seen | Date checked out | Price effective from | Koha item type |
|---|---|---|---|---|---|---|---|---|---|---|---|---|---|---|---|---|
| General Text Book | Central University Of Rajasthan | Central University Of Rajasthan | 07/03/2012 | ECO | 499.00 | 2 | 338.5 G78M | 2375 | 16/03/2026 | 13/02/2026 | 02/09/2020 | Books | ||||
| General Text Book | Central University Of Rajasthan | Central University Of Rajasthan | 28/09/2010 | ECO | 499.00 | 338.5 G78M | 2374 | 21/11/2024 | 02/09/2020 | Books |
